|
|
|
|
| LEADER |
00883nam a2200277 4500 |
| 001 |
DLU130148308 |
| 005 |
##20130606 |
| 040 |
# |
# |
|a DLU
|b vie
|
| 041 |
# |
# |
|a vie
|
| 044 |
# |
# |
|a vn
|
| 100 |
# |
# |
|a Nguyễn Mai Bộ,
|c ThS.
|
| 245 |
# |
# |
|a Tín dụng "đen" :
|b Một số vấn đề pháp lý cần nghiên cứu /
|a Nguyễn Mai Bộ, Nguyễn Thị Tuyết.
|
| 653 |
# |
# |
|a Lãi suất
|
| 653 |
# |
# |
|a Lạm dụng tín nhiệm chiếm đoạt tài sản
|
| 653 |
# |
# |
|a Lừa đảo
|
| 700 |
# |
# |
|a Nguyễn Thị Tuyết,
|c ThS.
|
| 773 |
# |
# |
|t Tạp chí Tòa án nhân dân
|g Số 8, 2012, tr. 27-31
|
| 920 |
# |
# |
|a Phòng Tạp chí -- Trung tâm Thông tin - Thư viện Trường Đại học Đà Lạt
|
| 994 |
# |
# |
|a DLU
|
| 900 |
# |
# |
|a True
|
| 911 |
# |
# |
|a Nguyễn Thị Linh Chi
|
| 925 |
# |
# |
|a G
|
| 926 |
# |
# |
|a A
|
| 927 |
# |
# |
|a BB
|
| 980 |
# |
# |
|a Thư viện Trường Đại học Đà Lạt
|